Yugoslav Republics Map Quiz - Statistics

General Stats
  • This quiz has been taken 79 times
  • The average score is 6 of 6
Answers on the Map
Answers color-coded by a green-red scale on the quiz's map according to % correct below.
 
Answer Stats
Answer % Correct
S.R. Bosnia and Herzegovina
98%
S.R. Croatia
98%
S.R. Slovenia
98%
S.R. Macedonia
97%
S.R. Serbia
95%
S.R. Montenegro
94%
No matching quizzes found
Score Distribution
Percent of People with Each Score
Percentile by Number Answered
Your Score History
You have not taken this quiz